[Event "FRA-chT1 1011"]
[Site "France"]
[Date "2010.11.13"]
[Round "2.7"]
[White "Pouplin, Johan"]
[Black "Couty, Olivier"]
[Result "0-1"]
[WhiteElo "1838"]
[BlackElo "1947"]
[PlyCount "46"]
[EventDate "2010.10.17"]
[EventType "team-tourn"]
[EventRounds "11"]
[EventCountry "FRA"]
[SourceTitle "EXT 2012"]
[Source "ChessBase"]
[SourceDate "2011.11.24"]
[SourceVersion "1"]
[SourceVersionDate "2011.11.24"]
[SourceQuality "1"]

1. e4 c5 2. Nf3 a6 3. d4 cxd4 4. Nxd4 e5 5. Nf3 Nf6 6. Nc3 Bb4 7. Bg5 h6 8. Bxf6 Bxc3+ 9. bxc3 Qxf6 10. Bc4 0-0 11. 0-0 d6 12. Rb1 Nd7 13. Bd5 Rb8 14. c4 Qe7 15. Qd2 Kh8 16. Rfd1 Nc5 17. Ne1 f5 18. exf5 Bxf5 19. Nd3 Ne6 20. Rb6 e4 21. Bxe6 Bxe6 22. Nf4 Bf5 23. Qxd6 Rbd8 0-1

[Event "Narbonne op 10th"]
[Site "Narbonne"]
[Date "2008.??.??"]
[Round "1"]
[White "Pouplin, Johan"]
[Black "Negre, Albert"]
[Result "0-1"]
[WhiteElo "1600"]
[BlackElo "2109"]
[PlyCount "34"]
[EventDate "2008.05.08"]
[EventType "swiss"]
[EventRounds "7"]
[EventCountry "FRA"]
[SourceTitle "CBM 124 Extra"]
[Source "ChessBase"]
[SourceDate "2008.07.03"]
[SourceVersion "1"]
[SourceVersionDate "2008.07.03"]
[SourceQuality "1"]

1. e4 e5 2. Nf3 Nc6 3. Bc4 Nf6 4. d3 Bc5 5. Nbd2 0-0 6. 0-0 a6 7. c3 Ba7 8. Re1 d6 9. Bb3 Be6 10. Bc2 Ng4 11. Re2 f5 12. exf5 Bxf5 13. h3 Nh6 14. Nf1 Bxh3 15. Bxh6 gxh6 16. Nxe5 Qg5 17. Ng3 Qxg3 0-1